000 00352nam a2200145 a 4500
005 20140414131856.0
008 100828s19uu xx 00 eng d
050 _aFIL
_bT55 2008
100 _aTobias-Papa, May
245 _aAraw sa palengke.
260 _aManila, Philippines :
_bAdarna,
_c2008.
440 _a
999 _c110483
_d110483